[Event "CAN-ch U12"]
[Site "Vancouver"]
[Date "2012.07.04"]
[Round "3"]
[White "Kolobaric, Nikola"]
[Black "Dawson, Jeffrey"]
[Result "0-1"]
[WhiteElo "990"]
[BlackElo "1224"]
[PlyCount "72"]
[EventDate "2012.07.03"]
[EventType "swiss"]
[EventRounds "7"]
[EventCountry "CAN"]
[SourceTitle "EXT 2022"]
[Source "ChessBase"]
[SourceDate "2021.10.06"]
[SourceVersion "1"]
[SourceVersionDate "2021.10.06"]
[SourceQuality "1"]

1. d4 d5 2. e3 Nf6 3. Nf3 e6 4. Ne5 Nbd7 5. Bb5 c6 6. Nxd7 Bxd7 7. Bd3 Be7 8. 0-0 0-0 9. Qe2 c5 10. e4 c4 11. Bxc4 dxc4 12. e5 Nd5 13. Qg4 Kh8 14. Nd2 Rc8 15. Ne4 Bc6 16. Ng3 Re8 17. Nh5 Bf8 18. Bg5 Qb6 19. Rab1 g6 20. Nf6 Nxf6 21. Bxf6+ Kg8 22. c3 Qa5 23. Ra1 b5 24. f4 b4 25. cxb4 Qxb4 26. Rab1 Be4 27. Rbe1 Bf5 28. Qg5 Qxb2 29. Rf2 Qxd4 30. a4 c3 31. a5 c2 32. Kh1 Qxf2 33. Qh4 Qxe1+ 34. Qxe1 c1Q 35. Qg1 Rc2 36. Qxc1 Rxc1# 0-1